000 00612nam a2200229Ia 4500
003 OSt
005 20220928113547.0
006 a|||||r|||| 00| 0
007 ta
008 220927b |||||||| |||| 00| 0 eng d
024 _a57205
037 _cTextual
040 _aSDCL
_cSDCL
_beng
041 _2eng
_aeng
082 _aX813:8, L7
100 _aMishra M N
_9390582
245 0 _aLife insurance administration and management.
260 _aAllahabad
_bPoriental Publishers
_c1977
300 _avii,190p
_ccm.
942 _hX813:8, L7
_cTEXL
_2CC
999 _c750205
_d750205